000
00275nam a2200109Ia 4500
008
220204s9999 xx 000 0 und d
082
_a
062
_b
PYT
100
_a
Pytlik, Edward C
245
0
_a
Technology, change and society
260
_a
Massachusetts
_b
Davis
_c
1978
942
_c
BK
999
_c
31348
_d
31348